Prénoms de stars célèbres - Série 19 - Statistiques

Statistiques générales
  • Ce quiz a été pris 727 fois
  • Le résultat moyen est 9 sur 10
Statistiques - réponses
Nom Prénom % Correct
Sardou Michel
99%
Aznavour Charles
98%
Hallyday Johnny
98%
Pagny Florent
97%
Obispo Pascal
97%
Goldman Jean-Jacques
96%
Gainsbourg Serge
92%
Dassin Joe
91%
Voulzy Laurent
87%
François Claude
85%
Aucun quiz correspondant
Distribution des résultats
% des personnes avec chaque résultat
Percentile par nombre de réponses
Votre historique - résultats
Vous n’avez pas pris ce quiz